[Event "CAN-op"]
[Site "Kapuskasing CAN"]
[Date "2004.07.14"]
[Round "6"]
[White "Goletiani, Rusudan"]
[Black "Thorvardson, Barry"]
[Result "1-0"]
[WhiteElo "2334"]
[BlackElo "1945"]
[PlyCount "75"]
[GameId "2160767911095333"]
[EventDate "2004.07.10"]
[EventType "swiss"]
[EventRounds "10"]
[EventCountry "CAN"]

1. Nf3 g6 2. d4 Bg7 3. e3 c5 4. d5 a6 5. a4 d6 6. a5 Nd7 7. Be2 b5 8. axb6 Qxb6 9. Nbd2 Ngf6 10. O-O Bb7 11. e4 O-O 12. Bd3 e5 13. Nc4 Qc7 14. Bd2 Bxd5 15. exd5 e4 16. Bf4 exf3 17. Bxd6 Qb7 18. Bxf8 fxg2 19. Re1 Rxf8 20. Be2 Qxd5 21. Qxd5 Nxd5 22. Bf3 Nb4 23. Re7 Nxc2 24. Rxa6 Nf6 25. Raa7 Nd4 26. Bxg2 Nf5 27. Rec7 Ng4 28. Bd5 Ngh6 29. b3 Rd8 30. Bxf7+ Kh8 31. Be6 g5 32. Ne3 Nxe3 33. fxe3 Re8 34. Rxg7 Rxe6 35. Rgc7 Rf6 36. Rc8+ Ng8 37. Rxc5 h6 38. Rcc7 1-0

[Event "CAN-op"]
[Site "Kapuskasing CAN"]
[Date "2004.07.14"]
[Round "6"]
[White "Hajiyev, Elshad"]
[Black "Whissell, Mavros"]
[Result "1/2-1/2"]
[WhiteElo "1978"]
[BlackElo "1920"]
[PlyCount "120"]
[GameId "2160767911095334"]
[EventDate "2004.07.10"]
[EventType "swiss"]
[EventRounds "10"]
[EventCountry "CAN"]
[SourceTitle "EXT 2022"]
[Source "ChessBase"]
[SourceDate "2021.10.06"]
[SourceVersion "1"]
[SourceVersionDate "2021.10.06"]
[SourceQuality "1"]

1. d4 Nf6 2. Nf3 g6 3. c4 Bg7 4. Nc3 d5 5. cxd5 Nxd5 6. e4 Nxc3 7. bxc3 c5 8. Bb5+ Bd7 9. Bxd7+ Nxd7 10. O-O O-O 11. e5 Qb6 12. Be3 Qa6 13. Qd2 Rfd8 14. Qb2 Rab8 15. a4 e6 16. Qb5 Qc6 17. Bg5 Re8 18. Rab1 Qc7 19. a5 b6 20. a6 f6 21. exf6 Nxf6 22. Bxf6 Bxf6 23. Rfd1 Rbc8 24. h3 Qd6 25. Nd2 Bg7 26. Nc4 Qc6 27. dxc5 Qxb5 28. Rxb5 Rxc5 29. Rxc5 bxc5 30. Rd7 Ra8 31. Kf1 Bxc3 32. Ke2 Bf6 33. Rb7 Bd8 34. Kd3 h6 35. Ke4 Bf6 36. Ne5 Bxe5 37. Kxe5 Rc8 38. Rxa7 c4 39. Rb7 c3 40. Rb1 Ra8 41. Rc1 Rxa6 42. Rxc3 Ra2 43. Rf3 Kg7 44. Kxe6 Re2+ 45. Kd5 g5 46. Kd4 Kg6 47. Kd3 Ra2 48. Ke3 Ra3+ 49. Ke2 Ra2+ 50. Ke3 Ra3+ 51. Ke4 Ra2 52. g4 h5 53. gxh5+ Kxh5 54. Rf8 Ra3 55. Rh8+ Kg6 56. f3 Ra4+ 57. Ke3 Kg7 58. Rb8 Rh4 59. Rb7+ Kg6 60. Rb6+ Kf5 1/2-1/2

[Event "CAN-op"]
[Site "Kapuskasing CAN"]
[Date "2004.07.14"]
[Round "6"]
[White "Hervieux, Donald"]
[Black "Moiseenko, Alexander"]
[Result "0-1"]
[WhiteElo "1876"]
[BlackElo "2631"]
[PlyCount "88"]
[GameId "2160767911095335"]
[EventDate "2004.07.10"]
[EventType "swiss"]
[EventRounds "10"]
[EventCountry "CAN"]

1. g3 e5 2. d3 d5 3. Nf3 Nc6 4. Bg2 Nf6 5. O-O Be7 6. Qe1 O-O 7. e4 dxe4 8. dxe4 Be6 9. b3 Nd4 10. Nxd4 Qxd4 11. c3 Qd3 12. Ba3 Bxa3 13. Nxa3 Rfd8 14. Rd1 Qa6 15. Rxd8+ Rxd8 16. Qc1 Qe2 17. Nb1 Qxa2 18. Rd1 Rxd1+ 19. Qxd1 h6 20. Nd2 Qb2 21. c4 a5 22. Nf1 Nd7 23. Ne3 Kh7 24. f4 Nc5 25. f5 Bd7 26. Qd5 Qd4 27. Kf2 Qxd5 28. Nxd5 Nxb3 29. Ke3 a4 30. Kd3 a3 31. Nb4 Ba4 32. Kc3 Nd4 33. Bf1 c5 34. Na2 h5 35. Bd3 h4 36. gxh4 Kh6 37. Nc1 Kh5 38. Bf1 Kxh4 39. Na2 Bc2 40. Bg2 Bd1 41. Nc1 Ne2+ 42. Nxe2 Bxe2 43. Kb3 Bxc4+ 44. Kxa3 b5 0-1

[Event "CAN-op"]
[Site "Kapuskasing CAN"]
[Date "2004.07.14"]
[Round "6"]
[White "Huzman, Alexander"]
[Black "Tyomkin, Dimitri"]
[Result "1/2-1/2"]
[WhiteElo "2588"]
[BlackElo "2498"]
[PlyCount "35"]
[GameId "2160767911095336"]
[EventDate "2004.07.10"]
[EventType "swiss"]
[EventRounds "10"]
[EventCountry "CAN"]
[SourceTitle "CBM 101 Extra"]
[Source "ChessBase"]
[SourceDate "2004.09.01"]
[SourceVersion "2"]
[SourceVersionDate "2004.09.01"]
[SourceQuality "1"]

1. d4 Nf6 2. c4 g6 3. g3 Bg7 4. Bg2 d5 5. cxd5 Nxd5 6. e4 Nb4 7. d5 O-O 8. a3 N4a6 9. Ne2 e6 10. Nbc3 c6 11. O-O exd5 12. exd5 cxd5 13. Qxd5 Nc6 14. Be3 Qxd5 15. Bxd5 Nc7 16. Bg2 Be6 17. Rfd1 Rfd8 18. Rxd8+ 1/2-1/2

[Event "CAN-op"]
[Site "Kapuskasing CAN"]
[Date "2004.07.14"]
[Round "6"]
[White "Jonkman, Harmen"]
[Black "Nahutin, Yevgeni"]
[Result "1-0"]
[WhiteElo "2425"]
[BlackElo "1994"]
[PlyCount "69"]
[GameId "2160767911095338"]
[EventDate "2004.07.10"]
[EventType "swiss"]
[EventRounds "10"]
[EventCountry "CAN"]
[SourceTitle "CBM 101 Extra"]
[Source "ChessBase"]
[SourceDate "2004.09.01"]
[SourceVersion "2"]
[SourceVersionDate "2004.09.01"]
[SourceQuality "1"]

1. e4 e5 2. Nf3 Nc6 3. Bb5 a6 4. Ba4 Nf6 5. d3 b5 6. Bb3 Bc5 7. O-O d6 8. c3 O-O 9. h3 Bb6 10. Re1 Na5 11. Bc2 c5 12. Bg5 h6 13. Bh4 Nc6 14. Nbd2 Ra7 15. Nf1 Kh8 16. Ne3 g5 17. Bg3 Ne8 18. h4 g4 19. Nh2 h5 20. a4 Ng7 21. axb5 axb5 22. Rxa7 Bxa7 23. f3 f5 24. exf5 Nxf5 25. Nxf5 Bxf5 26. fxg4 hxg4 27. Nxg4 c4+ 28. Kh2 cxd3 29. Bxd3 Bxd3 30. Qxd3 Kg7 31. Rd1 Rh8 32. Kh1 Qg5 33. Nh2 e4 34. Qxd6 Qd8 35. Be5+ 1-0

[Event "CAN-op"]
[Site "Kapuskasing CAN"]
[Date "2004.07.14"]
[Round "6"]
[White "Kret, Ted"]
[Black "Nadeau, Benoit"]
[Result "1-0"]
[WhiteElo "2228"]
[BlackElo "1756"]
[PlyCount "63"]
[GameId "2160767911095339"]
[EventDate "2004.07.10"]
[EventType "swiss"]
[EventRounds "10"]
[EventCountry "CAN"]

1. d4 Nf6 2. c4 g6 3. Nc3 Bg7 4. e4 d6 5. f4 O-O 6. Nf3 c5 7. d5 Nbd7 8. Be2 a6 9. a4 Qc7 10. O-O Ne8 11. Be3 f5 12. exf5 Rxf5 13. Bd3 Rf8 14. Qe2 Ndf6 15. Rae1 Nh5 16. Ng5 h6 17. Bxg6 Nhf6 18. Ne6 Bxe6 19. dxe6 Rd8 20. Rd1 Qc6 21. Nd5 Nxd5 22. cxd5 Qxa4 23. Bb1 Nf6 24. Qd3 h5 25. Kh1 Qe8 26. Rf3 h4 27. g4 hxg3 28. Rxg3 Qh5 29. Rdg1 Qxd5+ 30. Qxd5 Nxd5 31. Rxg7+ Kh8 32. Rh7# 1-0

[Event "CAN-op"]
[Site "Kapuskasing CAN"]
[Date "2004.07.14"]
[Round "6"]
[White "Krnan, Tomas"]
[Black "Wright, Ken"]
[Result "1-0"]
[WhiteElo "2397"]
[BlackElo "1818"]
[PlyCount "53"]
[GameId "2160767911095340"]
[EventDate "2004.07.10"]
[EventType "swiss"]
[EventRounds "10"]
[EventCountry "CAN"]

1. e4 e6 2. d4 a6 3. Bd3 b5 4. Nf3 Bb7 5. O-O Nf6 6. Re1 c5 7. c3 h6 8. Bf4 d6 9. Nbd2 Nbd7 10. a4 c4 11. Bc2 Be7 12. Qe2 O-O 13. b3 cxb3 14. Nxb3 Qc7 15. e5 Ne8 16. Qd3 f5 17. exf6 Nexf6 18. Rxe6 Rf7 19. Bg3 Nf8 20. Ree1 Qc4 21. Na5 Qxd3 22. Bxd3 Bxf3 23. gxf3 Rc8 24. axb5 Rxc3 25. bxa6 Rc8 26. a7 Bd8 27. Nc6 1-0

[Event "CAN-op"]
[Site "Kapuskasing CAN"]
[Date "2004.07.14"]
[Round "6"]
[White "Kudrin, Sergey"]
[Black "Bluvshtein, Mark"]
[Result "1/2-1/2"]
[WhiteElo "2541"]
[BlackElo "2462"]
[PlyCount "139"]
[GameId "2160767911095341"]
[EventDate "2004.07.10"]
[EventType "swiss"]
[EventRounds "10"]
[EventCountry "CAN"]
[SourceTitle "CBM 101 Extra"]
[Source "ChessBase"]
[SourceDate "2004.09.01"]
[SourceVersion "2"]
[SourceVersionDate "2004.09.01"]
[SourceQuality "1"]

1. e4 e6 2. d4 d5 3. Nd2 c5 4. exd5 Qxd5 5. Ngf3 cxd4 6. Bc4 Qd6 7. O-O Nf6 8. Nb3 Nc6 9. Nbxd4 Nxd4 10. Nxd4 Bd7 11. c3 Be7 12. Qe2 O-O 13. Bg5 Rac8 14. Bb3 Qc5 15. Bh4 b5 16. a3 a5 17. Bc2 b4 18. Nb3 Bb5 19. Bd3 Bxd3 20. Qxd3 Qh5 21. Bxf6 Bxf6 22. axb4 axb4 23. Ra5 Qg6 24. Qxg6 hxg6 25. cxb4 Rc2 26. Rb1 Rb8 27. Rc5 Rxb2 28. Rxb2 Bxb2 29. Rc4 Ba3 30. Nd4 Bxb4 31. Nc6 Ra8 32. g3 Bf8 33. Rc2 f6 34. Kg2 Kf7 35. Nd4 Ra7 36. f4 Rd7 37. Nf3 Be7 38. Rd2 Rb7 39. Rc2 Ba3 40. Kf2 Bd6 41. Kg2 Bb8 42. Nd4 Rd7 43. Nf3 Ke7 44. Nh4 Kf7 45. Nf3 Rd5 46. Rb2 Bd6 47. Rb7+ Be7 48. Kf2 g5 49. fxg5 fxg5 50. h4 gxh4 51. gxh4 Kf6 52. Ng5 e5 53. Ne4+ Ke6 54. Rb6+ Kf7 55. Ng5+ Ke8 56. Rb8+ Rd8 57. Rxd8+ Bxd8 58. Nf3 e4 59. Ne5 Bc7 60. Ng4 Bf4 61. Ke2 Kf7 62. Nf2 e3 63. Nd3 Bh6 64. Ne1 Kf6 65. Ng2 Kg6 66. Kf3 Kf5 67. Ne1 Kf6 68. Ng2 Kf5 69. Ne1 Ke5 70. Nc2 1/2-1/2

[Event "CAN-op"]
[Site "Kapuskasing CAN"]
[Date "2004.07.14"]
[Round "6"]
[White "McKay, Brian"]
[Black "Miller, Evgeny"]
[Result "0-1"]
[WhiteElo "1741"]
[BlackElo "2219"]
[PlyCount "72"]
[GameId "2160767911095342"]
[EventDate "2004.07.10"]
[EventType "swiss"]
[EventRounds "10"]
[EventCountry "CAN"]
[SourceTitle "EXT 2022"]
[Source "ChessBase"]
[SourceDate "2021.10.06"]
[SourceVersion "1"]
[SourceVersionDate "2021.10.06"]
[SourceQuality "1"]

1. e4 c6 2. f4 d5 3. exd5 cxd5 4. Nf3 Nc6 5. Bb5 Bg4 6. Qe2 e6 7. c3 Bd6 8. d4 Qc7 9. h3 Bxf3 10. Qxf3 Nf6 11. O-O O-O 12. Nd2 a6 13. Bd3 b5 14. g4 b4 15. g5 Nd7 16. Rf2 g6 17. Nf1 bxc3 18. bxc3 f6 19. h4 Ne7 20. Ng3 e5 21. Qe2 exf4 22. Qe6+ Kh8 23. Bxf4 Bxf4 24. Nh5 gxh5 25. Qxe7 Nb6 26. gxf6 Rf7 27. Re1 Bg3 28. Qe8+ Rf8 29. Re7 Raxe8 30. Rxc7 Bxc7 31. Rf5 Re3 32. Bxa6 Re6 33. f7 Re7 34. Bd3 Rexf7 35. Rxh5 Rg7+ 36. Kh1 Rf3 0-1

[Event "CAN-op"]
[Site "Kapuskasing CAN"]
[Date "2004.07.14"]
[Round "6"]
[White "Mikhalevski, Victor"]
[Black "Miroshnichenko, Evgenij"]
[Result "1/2-1/2"]
[WhiteElo "2551"]
[BlackElo "2615"]
[PlyCount "71"]
[GameId "2160767911095343"]
[EventDate "2004.07.10"]
[EventType "swiss"]
[EventRounds "10"]
[EventCountry "CAN"]
[SourceTitle "CBM 101 Extra"]
[Source "ChessBase"]
[SourceDate "2004.09.01"]
[SourceVersion "2"]
[SourceVersionDate "2004.09.01"]
[SourceQuality "1"]

1. d4 Nf6 2. c4 g6 3. Nc3 Bg7 4. e4 O-O 5. Nf3 d6 6. Be2 Na6 7. O-O e5 8. Be3 Ng4 9. Bg5 Qe8 10. dxe5 dxe5 11. h3 f6 12. Bd2 Nh6 13. c5 Nxc5 14. Qc1 Nf7 15. Nd5 Ne6 16. Nxc7 Nxc7 17. Qxc7 Nd8 18. Rfc1 Be6 19. Be3 Rf7 20. Qc3 Bf8 21. b4 a6 22. a4 Nc6 23. b5 Nb4 24. Bc4 Kg7 25. Qb3 Bxc4 26. Qxc4 axb5 27. axb5 Rxa1 28. Rxa1 Rd7 29. Rb1 Qe7 30. Rc1 Nd3 31. Rc3 Nb2 32. Qc8 Rd8 33. Qc7 Nd1 34. Qxe7+ Bxe7 35. Rc7 Nxe3 36. Rxe7+ 1/2-1/2

[Event "CAN-op"]
[Site "Kapuskasing CAN"]
[Date "2004.07.14"]
[Round "6"]
[White "Molchanov, Yevhen"]
[Black "Pauric, Allen"]
[Result "0-1"]
[WhiteElo "2180"]
[BlackElo "1982"]
[PlyCount "68"]
[GameId "2160767911095344"]
[EventDate "2004.07.10"]
[EventType "swiss"]
[EventRounds "10"]
[EventCountry "CAN"]

1. d4 d5 2. c4 c6 3. Nf3 e6 4. Nc3 f5 5. Bf4 Nf6 6. e3 Be7 7. Bd3 O-O 8. Qc2 Ne4 9. Ne5 Nd7 10. f3 Nxe5 11. Bxe5 Nxc3 12. bxc3 Bd6 13. Bxd6 Qxd6 14. f4 b6 15. Qb3 Bd7 16. O-O Rfb8 17. a4 Kh8 18. Rfb1 g6 19. Ra2 Re8 20. Rab2 Rac8 21. c5 bxc5 22. Qa3 Rc7 23. Rb7 Bc8 24. Rxc7 Qxc7 25. Qxc5 Re7 26. a5 Kg7 27. c4 Kf7 28. Rc1 Ba6 29. cxd5 exd5 30. Bxa6 Rxe3 31. Qxd5+ Kg7 32. g3 Re1+ 33. Rxe1 cxd5 34. Rb1 Qc3 0-1

[Event "CAN-op"]
[Site "Kapuskasing CAN"]
[Date "2004.07.14"]
[Round "6"]
[White "Morabito, Matthew"]
[Black "Lapshun, Yury"]
[Result "0-1"]
[WhiteElo "1788"]
[BlackElo "2444"]
[PlyCount "62"]
[GameId "2160767911095345"]
[EventDate "2004.07.10"]
[EventType "swiss"]
[EventRounds "10"]
[EventCountry "CAN"]

1. Nf3 Nf6 2. g3 d5 3. Bg2 Nc6 4. O-O e5 5. d3 g6 6. Bg5 h6 7. Bxf6 Qxf6 8. e4 d4 9. Nbd2 Be6 10. Nb3 O-O-O 11. Qd2 g5 12. a3 Bg4 13. Ne1 h5 14. h3 Bd7 15. Na5 Ne7 16. Nc4 Ng6 17. Qa5 Kb8 18. Nf3 Bg7 19. Qb4 h4 20. Nxd4 exd4 21. e5 Qa6 22. Na5 c6 23. f4 hxg3 24. fxg5 Nxe5 25. Rae1 Qb6 26. Qd6+ Qc7 27. Qb4 Bxh3 28. Rxe5 Bxg2 29. Re7 Bd5 30. Qxb7+ Qxb7 31. Rxb7+ Ka8 0-1

[Event "CAN-op"]
[Site "Kapuskasing CAN"]
[Date "2004.07.14"]
[Round "6"]
[White "Walker, Adrian1"]
[Black "Van Dusen, Eric"]
[Result "1-0"]
[WhiteElo "1364"]
[BlackElo "2025"]
[PlyCount "83"]
[GameId "2160767911095348"]
[EventDate "2004.07.10"]
[EventType "swiss"]
[EventRounds "10"]
[EventCountry "CAN"]
[SourceTitle "EXT 2022"]
[Source "ChessBase"]
[SourceDate "2021.10.06"]
[SourceVersion "1"]
[SourceVersionDate "2021.10.06"]
[SourceQuality "1"]

1. e4 Nf6 2. Nc3 d5 3. exd5 Nxd5 4. Nf3 Bg4 5. Bc4 c6 6. d4 Nxc3 7. bxc3 e6 8. O-O Bd6 9. Re1 O-O 10. Bd3 Nd7 11. Qe2 Qa5 12. Qe3 Qh5 13. Ne5 Bxe5 14. dxe5 Bf5 15. Qg5 Qg6 16. Qd2 Rfd8 17. Ba3 c5 18. Rad1 b6 19. Re3 Qg5 20. Bxf5 Qxf5 21. Rd3 Qxe5 22. Rxd7 Rxd7 23. Qxd7 Rf8 24. Bb2 Qe4 25. Qd3 Qa4 26. Ra1 c4 27. Qd2 b5 28. a3 Qa5 29. Qe2 Qc7 30. Bc1 Rd8 31. Be3 Qd7 32. h3 a6 33. Qg4 f6 34. Kh2 Qd6+ 35. g3 Rd7 36. a4 Qd5 37. axb5 axb5 38. Ra6 f5 39. Qh4 g6 40. Qh6 Qe4 41. Bc5 Rf7 42. Ra7 1-0

[Event "CAN-op"]
[Site "Kapuskasing CAN"]
[Date "2004.07.14"]
[Round "6"]
[White "Wong, Wylon"]
[Black "Zatonskih, Anna"]
[Result "0-1"]
[WhiteElo "1761"]
[BlackElo "2412"]
[PlyCount "44"]
[GameId "2160767911095350"]
[EventDate "2004.07.10"]
[EventType "swiss"]
[EventRounds "10"]
[EventCountry "CAN"]

1. d4 e6 2. c4 f5 3. Nc3 Nf6 4. e3 b6 5. Bd3 Bb7 6. f3 Bd6 7. Nge2 O-O 8. O-O a6 9. e4 fxe4 10. fxe4 e5 11. Bg5 exd4 12. Nxd4 Bc5 13. Bc2 Nc6 14. Be3 Ne5 15. b3 Nfg4 16. Bf4 Rxf4 17. Rxf4 Qh4 18. h3 Qg3 19. hxg4 Qxc3 20. Kh1 Bxd4 21. Rb1 Qg3 22. Rf5 Qh4# 0-1

[Event "CAN-op"]
[Site "Kapuskasing CAN"]
[Date "2004.07.15"]
[Round "7"]
[White "Barber, Glen"]
[Black "Ulybin, Vasily"]
[Result "1/2-1/2"]
[WhiteElo "2003"]
[BlackElo "1764"]
[PlyCount "119"]
[GameId "2160767911095351"]
[EventDate "2004.07.10"]
[EventType "swiss"]
[EventRounds "10"]
[EventCountry "CAN"]
[SourceTitle "EXT 2022"]
[Source "ChessBase"]
[SourceDate "2021.10.06"]
[SourceVersion "1"]
[SourceVersionDate "2021.10.06"]
[SourceQuality "1"]

1. e4 c5 2. Nf3 d6 3. d4 cxd4 4. Nxd4 Nf6 5. Nc3 g6 6. Be3 Bg7 7. f3 O-O 8. Qd2 Nc6 9. O-O-O d5 10. exd5 Nxd5 11. Nxc6 bxc6 12. Nxd5 cxd5 13. Qxd5 Qc7 14. Qc5 Qb7 15. Qb5 Qxb5 16. Bxb5 Rb8 17. Bc4 Bxb2+ 18. Kd2 a5 19. Rb1 Bf5 20. g4 Rfd8+ 21. Bd3 Bxd3 22. cxd3 e6 23. Ba7 Rb7 24. Bc5 Rd5 25. Be3 Rdb5 26. Rhd1 Bd4 27. Rxb5 Bxe3+ 28. Kxe3 Rxb5 29. Rd2 h5 30. h3 Kg7 31. Kd4 Kf6 32. Rc2 hxg4 33. hxg4 Rd5+ 34. Ke3 Kg5 35. Rg2 Kf6 36. d4 Ke7 37. g5 Kd6 38. f4 Kc6 39. Rc2+ Kb5 40. Rc7 Rf5 41. Rc2 Kb4 42. Rf2 Ka3 43. Rc2 Kb4 44. Kf3 Ka3 45. Ke3 a4 46. Ke4 Rb5 47. Rc4 Rb2 48. Ke5 Rxa2 49. Kf6 Rf2 50. Kxf7 Rxf4+ 51. Kxg6 e5 52. Rxa4+ Kxa4 53. dxe5 Kb5 54. Kh7 Kc6 55. g6 Rh4+ 56. Kg8 Kd7 57. e6+ Kxe6 58. g7 Kd6 59. Kf8 Ra4 60. g8=Q 1/2-1/2

[Event "CAN-op"]
[Site "Kapuskasing CAN"]
[Date "2004.07.15"]
[Round "7"]
[White "Bluvshtein, Ilia"]
[Black "Morabito, Matthew"]
[Result "1-0"]
[WhiteElo "2173"]
[BlackElo "1788"]
[PlyCount "49"]
[GameId "2160767911095352"]
[EventDate "2004.07.10"]
[EventType "swiss"]
[EventRounds "10"]
[EventCountry "CAN"]
[SourceTitle "EXT 2022"]
[Source "ChessBase"]
[SourceDate "2021.10.06"]
[SourceVersion "1"]
[SourceVersionDate "2021.10.06"]
[SourceQuality "1"]

1. e4 c5 2. Nf3 d6 3. d4 cxd4 4. Nxd4 Nc6 5. Nc3 e6 6. Be2 g6 7. Be3 Bg7 8. Ndb5 Bxc3+ 9. bxc3 d5 10. exd5 exd5 11. Bf4 Be6 12. Nc7+ Kf8 13. Nxa8 Qxa8 14. O-O Nge7 15. Bh6+ Ke8 16. Bg4 f5 17. Qe2 Qc8 18. Bf3 Kf7 19. Rab1 Re8 20. Rfe1 Ng8 21. Bf4 Nf6 22. Qb5 Nd8 23. c4 Ne4 24. cxd5 Bxd5 25. Qxd5+ 1-0

[Event "CAN-op"]
[Site "Kapuskasing CAN"]
[Date "2004.07.15"]
[Round "7"]
[White "Bluvshtein, Mark"]
[Black "Arencibia Rodriguez, Walter"]
[Result "1-0"]
[WhiteElo "2462"]
[BlackElo "2531"]
[PlyCount "135"]
[GameId "2160767911095353"]
[EventDate "2004.07.10"]
[EventType "swiss"]
[EventRounds "10"]
[EventCountry "CAN"]
[SourceTitle "CBM 101 Extra"]
[Source "ChessBase"]
[SourceDate "2004.09.01"]
[SourceVersion "2"]
[SourceVersionDate "2004.09.01"]
[SourceQuality "1"]

1. e4 e5 2. Nf3 Nc6 3. Bb5 a6 4. Ba4 Nf6 5. O-O Be7 6. Re1 b5 7. Bb3 d6 8. c3 O-O 9. h3 Na5 10. Bc2 c5 11. d4 Nd7 12. Nbd2 exd4 13. cxd4 Nc6 14. Nf1 cxd4 15. Nxd4 Nxd4 16. Qxd4 Ne5 17. Ne3 Bxh3 18. Nd5 Rc8 19. Bb3 Bf6 20. Qd1 Bg4 21. f3 Bh5 22. g4 Bg5 23. Be3 Bxe3+ 24. Rxe3 Qg5 25. f4 Qxg4+ 26. Qxg4 Nxg4 27. Rh3 g6 28. Ne7+ Kg7 29. Nxc8 Rxc8 30. Rd3 Re8 31. Re1 f5 32. Rxd6 fxe4 33. Re6 Rd8 34. R1xe4 a5 35. Re8 Rd6 36. R8e6 Rd3 37. Re7+ Kh6 38. Rf7 Rg3+ 39. Kf1 Rf3+ 40. Ke1 Ne3 41. Kd2 Nf5 42. Ra7 Ng3 43. Ree7 Rf2+ 44. Kd3 Rxf4 45. Rxh7+ Kg5 46. Rxa5 Be2+ 47. Kd2 Re4 48. Rd7 Nf1+ 49. Kc3 Kf4 50. a4 b4+ 51. Kc2 Bg4 52. Rd6 Re2+ 53. Kb1 Nd2+ 54. Ka2 Ne4 55. Rd4 Ke3 56. Rxe4+ Kxe4 57. Rb5 Bd7 58. Rxb4+ Ke5 59. a5 Rd2 60. Ba4 Be6+ 61. Ka3 Rd6 62. Rb5+ Kf4 63. Rb6 Ke5 64. Bc6 g5 65. a6 Bd5 66. Bxd5 Rxb6 67. Bb7 Rb5 68. b4 1-0

[Event "CAN-op"]
[Site "Kapuskasing CAN"]
[Date "2004.07.15"]
[Round "7"]
[White "Epishin, Vladimir"]
[Black "Zubac, Marius"]
[Result "1-0"]
[WhiteElo "2635"]
[BlackElo "2185"]
[PlyCount "107"]
[GameId "2160767911095354"]
[EventDate "2004.07.10"]
[EventType "swiss"]
[EventRounds "10"]
[EventCountry "CAN"]
[SourceTitle "CBM 101 Extra"]
[Source "ChessBase"]
[SourceDate "2004.09.01"]
[SourceVersion "2"]
[SourceVersionDate "2004.09.01"]
[SourceQuality "1"]

1. d4 f5 2. Nf3 Nf6 3. Bg5 e6 4. Nbd2 d5 5. c4 c6 6. e3 Bd6 7. Bd3 Nbd7 8. cxd5 cxd5 9. Rc1 Qa5 10. O-O O-O 11. a3 Ne4 12. Bf4 Qb6 13. Rc2 Bxf4 14. exf4 Ndf6 15. Qb1 Bd7 16. b4 Ba4 17. Rc5 Nxc5 18. dxc5 Qc7 19. Ne5 a6 20. Ndf3 Nd7 21. Rc1 Nxe5 22. Nxe5 Rac8 23. h4 Qe7 24. g3 Rc7 25. Qb2 Rfc8 26. Re1 Qf6 27. Qd2 h6 28. Nf3 a5 29. Bf1 axb4 30. axb4 Bd7 31. Nd4 Ra8 32. Rc1 Rcc8 33. Be2 g6 34. Kg2 Kf7 35. Bb5 Qe7 36. Bxd7 Qxd7 37. Re1 Re8 38. h5 Re7 39. Nf3 Kg8 40. Ne5 Qd8 41. Nxg6 Re8 42. Qd4 Kh7 43. Ne5 Qe7 44. b5 Rac8 45. Rc1 Qf6 46. b6 Re7 47. Ra1 Rg7 48. Ra7 Kg8 49. Qa4 Qd8 50. Qb5 Rb8 51. c6 bxc6 52. Qxc6 Re7 53. Rd7 Qe8 54. Qc7 1-0

[Event "CAN-op"]
[Site "Kapuskasing CAN"]
[Date "2004.07.15"]
[Round "7"]
[White "Faust, Steven"]
[Black "Peng, David Yu"]
[Result "1/2-1/2"]
[WhiteElo "1753"]
[BlackElo "2103"]
[PlyCount "102"]
[GameId "2160767911095355"]
[EventDate "2004.07.10"]
[EventType "swiss"]
[EventRounds "10"]
[EventCountry "CAN"]
[SourceTitle "EXT 2022"]
[Source "ChessBase"]
[SourceDate "2021.10.06"]
[SourceVersion "1"]
[SourceVersionDate "2021.10.06"]
[SourceQuality "1"]

1. Nf3 d5 2. g3 c6 3. Bg2 e6 4. O-O f5 5. Ne5 Nf6 6. d4 Be7 7. Bg5 O-O 8. e3 Nbd7 9. Nd3 h6 10. Bxf6 Bxf6 11. Nd2 e5 12. dxe5 Nxe5 13. Nxe5 Bxe5 14. c3 Be6 15. Nf3 Bd6 16. Nd4 Bd7 17. Qc2 Qf6 18. Rad1 Rad8 19. Rd2 Kh8 20. Rfd1 Be8 21. Qb3 Rd7 22. a4 g5 23. Bh3 Bh5 24. Rf1 Qe5 25. Qc2 Rdf7 26. Bg2 f4 27. exf4 gxf4 28. Qd3 Rg8 29. Bh3 Bg6 30. Qe2 Qxe2 31. Nxe2 Re7 32. Nd4 fxg3 33. fxg3 Bc5 34. Rf4 Rge8 35. Kf2 Kg7 36. Bf5 Bxd4+ 37. cxd4 Rf8 38. g4 Ref7 39. Re2 Bxf5 40. Rxf5 Rxf5+ 41. gxf5 Rxf5+ 42. Kg3 Kf7 43. a5 a6 44. Re3 Rf1 45. Rb3 Rd1 46. Rxb7+ Ke6 47. Rb6 Kd6 48. Rxa6 Rxd4 49. Rb6 Kc5 50. b4+ Kd6 51. b5 Rd3+ 1/2-1/2

[Event "CAN-op"]
[Site "Kapuskasing CAN"]
[Date "2004.07.15"]
[Round "7"]
[White "Harper, Ryan"]
[Black "Pauric, Allen"]
[Result "1-0"]
[WhiteElo "2192"]
[BlackElo "1982"]
[PlyCount "113"]
[GameId "2160767911095357"]
[EventDate "2004.07.10"]
[EventType "swiss"]
[EventRounds "10"]
[EventCountry "CAN"]

1. e4 d5 2. exd5 Qxd5 3. d4 Nf6 4. Nf3 c6 5. Be2 Bf5 6. O-O e6 7. Bf4 Be7 8. Nbd2 O-O 9. Nc4 Qd8 10. Ne3 Bg6 11. Bxb8 Rxb8 12. Ne5 c5 13. Nxg6 hxg6 14. dxc5 Bxc5 15. Qxd8 Rfxd8 16. Nc4 Nd5 17. Bf3 Ne7 18. Rad1 b6 19. c3 Rbc8 20. Bb7 Bxf2+ 21. Kxf2 Rxd1 22. Rxd1 Rxc4 23. Rd8+ Kh7 24. Rd7 Nf5 25. Rxf7 Nd6 26. Rd7 Nxb7 27. Rxb7 Ra4 28. a3 Ra5 29. g4 g5 30. Rf7 Kg6 31. Rf8 Ra4 32. h3 e5 33. Re8 Kf6 34. Ke3 b5 35. Rf8+ Kg6 36. Rf5 a5 37. Rxe5 b4 38. cxb4 axb4 39. Re4 Ra8 40. Rxb4 Rh8 41. a4 Rxh3+ 42. Kf2 Kf6 43. a5 Rh8 44. Rb6+ Ke5 45. Kg3 Kd4 46. b4 Kc4 47. a6 Rd8 48. a7 Rd3+ 49. Kf2 Ra3 50. Rb7 Kd4 51. b5 Ra2+ 52. Kf3 Ra3+ 53. Ke2 Ra2+ 54. Kd1 Kd3 55. Rd7+ Kc3 56. b6 Ra6 57. Rd8 1-0

[Event "CAN-op"]
[Site "Kapuskasing CAN"]
[Date "2004.07.15"]
[Round "7"]
[White "Kudrin, Sergey"]
[Black "Goletiani, Rusudan"]
[Result "1-0"]
[WhiteElo "2541"]
[BlackElo "2334"]
[PlyCount "109"]
[GameId "2160767911095358"]
[EventDate "2004.07.10"]
[EventType "swiss"]
[EventRounds "10"]
[EventCountry "CAN"]
[SourceTitle "CBM 101 Extra"]
[Source "ChessBase"]
[SourceDate "2004.09.01"]
[SourceVersion "2"]
[SourceVersionDate "2004.09.01"]
[SourceQuality "1"]

1. e4 c5 2. Nf3 e6 3. d4 cxd4 4. Nxd4 a6 5. Nc3 Qc7 6. g3 Bb4 7. Bd2 Nf6 8. Bg2 Nc6 9. Nb3 Be7 10. f4 d6 11. a4 b6 12. O-O Rb8 13. g4 O-O 14. g5 Nd7 15. Qh5 Re8 16. Rf3 g6 17. Qh4 Bf8 18. Rh3 h5 19. Rf1 b5 20. axb5 axb5 21. Bf3 Bg7 22. Bxh5 gxh5 23. Qxh5 Nb4 24. Ne2 Nxc2 25. Bc3 e5 26. f5 Qa7+ 27. Kh1 Nf8 28. Rh4 Ne3 29. f6 Bg4 30. Rxg4 Nxg4 31. fxg7 Nh7 32. Qxg4 Qe3 33. Ng3 Qxg5 34. Qf3 Qg6 35. Nf5 Ng5 36. Qe3 Qh5 37. Bb4 Re6 38. Bxd6 Rd8 39. Bf8 Rd1 40. Nd2 Nxe4 41. Qxe4 Rxd2 42. h4 Rd1 43. Rxd1 Qxd1+ 44. Kh2 Qd2+ 45. Kh3 Qd7 46. h5 Rf6 47. Kg4 Re6 48. Bc5 b4 49. Bxb4 Qd1+ 50. Kh4 Qd8+ 51. Kh3 Rb6 52. h6 Qc8 53. h7+ Kxh7 54. Qh4+ Kg6 55. Qg4+ 1-0